000
00318nam a2200133Ia 4500
003
OSt
005
20240207121304.0
008
170524s9999 xx 000 0 und d
020
_a
9789386173690
040
_c
IIMT UNIVERSITY MEERUT
100
_a
Patel-R.B
245
0
_a
Expert Data Structures With C
942
_2
ddc
_c
02
999
_c
4195
_d
4195